[Event "Perth op"]
[Site "Perth"]
[Date "2023.01.06"]
[Round "7"]
[White "Janceski, Alex"]
[Black "De Vas, Yonal"]
[Result "1-0"]
[WhiteElo "1821"]
[BlackElo "1558"]
[PlyCount "79"]
[EventDate "2023.01.02"]
[EventType "swiss"]
[EventRounds "11"]
[EventCountry "AUS"]
[SourceTitle "CBM 212 Extra"]
[Source "ChessBase"]
[SourceDate "2023.03.31"]
[SourceVersion "1"]
[SourceVersionDate "2023.03.31"]
[SourceQuality "1"]

1. d4 d5 2. c4 dxc4 3. e3 Nf6 4. Bxc4 e6 5. a3 a6 6. Nf3 c5 7. 0-0 cxd4 8. Nxd4 Bd7 9. b4 Nc6 10. Bb2 Be7 11. Qe2 0-0 12. Nd2 Qc7 13. Rac1 Bd6 14. g3 Nxd4 15. Bxd4 Bc6 16. Bd3 e5 17. Bb2 Qe7 18. Bf5 Bb5 19. Bd3 Bxd3 20. Qxd3 Qd7 21. Ne4 Nxe4 22. Qxe4 Rad8 23. Rfd1 f5 24. Qd5+ Qf7 25. Bxe5 Qxd5 26. Rxd5 Bxe5 27. Rxe5 g6 28. Rc7 Rf7 29. Ree7 Rxe7 30. Rxe7 b5 31. Ra7 Rd6 32. Kg2 g5 33. Kf3 h5 34. h4 f4 35. hxg5 fxe3 36. Kxe3 Rc6 37. Ke4 Re6+ 38. Kf5 Re2 39. f4 Re3 40. Kg6 1-0